Pastoral del Obispo de la Puebla de los Ángeles publicando una carta de nuestro santissimo Padre Pio VII

Detalles Bibliográficos
Formato: Libro
Lenguaje:Undetermined
Spanish
Publicado: [Puebla] : 1816
Materias:
Colección:Banco de datos
Acervo:Monasterio de Santa Catalina de Siena de la Orden de Santo Domingo de Puebla. Puebla
Descripción Física:[2] h., 18 p., [1] h. ; 4º
Tema general:Cartas pastorales
LEADER 00658nam a2200145Ia 4500
008 150723s9999 xx 000 0 und d
041 0 |a spa 
245 1 0 |a Pastoral del Obispo de la Puebla de los Ángeles publicando una carta de nuestro santissimo Padre Pio VII  
260 |a [Puebla] :   |b en la oficina de Don Pedro de la Rosa,   |c 1816 
300 |a [2] h., 18 p., [1] h.   |b    |c  ; 4º 
650 1 0 |a Cartas pastorales  
949 |a Monasterio de Santa Catalina de Siena y Santa Ana del Convento de Dominicas del Estado de Puebla: 97 
942 |c DOMPUE 
943 |g Monasterio de Santa Catalina de Siena de la Orden de Santo Domingo de Puebla. Puebla 
999 |c 1104865  |d 1104865